00787nam a2200241 a 450000100060000000300080000600500170001400800410003103500200007204000270009204100080011908200260012710000270015324500430018025000130022326000520023630000270028850000200031565000350033594200120037099900170038295201460039966418BD-RjUL20211209081536.0170316s1972 ii a 001 0 eng d a(BD-RjUL) 66548 aDLCcDLCdBD-RjULbeng aeng00a621.388223bLET 19721 aLemons, Wayne.919654710aTV servicing made easy /cWayne Lemons a[2d ed.] aIndia :bD.B.Taraporevalacc1971 [Reprint 1972] a223 p.bill. ;c22 cm. aIncludes Index. 0aTelevisionxRepairing.9196548 2ddccBK c66418d66418 00102ddc40718NFICaRUCLbRUCLcReadingd1970-06-08eAligarh Libraryg42.50l0o621.388 LET 1972r2017-03-16 00:00:00tC-1w2017-03-16yBK